banner-ar

لغز قصر الاسرار / (Record no. 44571)

MARC details
000 -الفاتح
حقل البيانات ثابتة الطول 00603nam a2200205Ia 4500
008 - عناصر البيانات ثابتة الطول - معلومات عامة
حقل البيانات ثابتة الطول 140319s9999 xx 000 0 ara d
040 ## - مصدر الفهرسة
وكالة الفهرسة الأصلية GCL /
وكالة النسخ GCL
082 04 - رقم تصنيف ديوى العشرى
رقم التصنيف ط
رقم المادة 813.078
-- م ل
100 1# - المدخل الرئيسى - إسم شخصى
الإسم الشخصى مجدى صابر
245 10 - بيان العنوان
العنوان لغز قصر الاسرار /
بيان المسئوليه,etc مجدى صابر
700 1# - المدخل الاضافى - اسم شخصى
الإسم الشخصى نبيل قدوح
300 ## - الوصف المادى
التعداد 127 ص:
تفاصيل ماديه اخرى للوعاء ايض ؛
أبعاد الوعاء 17 سم
490 ## - بيان السلسلة
عنوان السلسلة المغامرون الابطال
رقم المجلد/ التعيين التسلسلي 3
650 04 - المدخل الاضافى بالموضوع-مصطلح موضوعى
مصطلح موضوعي الاطفال
650 04 - المدخل الاضافى بالموضوع-مصطلح موضوعى
مصطلح موضوعي الالغاز
650 04 - المدخل الاضافى بالموضوع-مصطلح موضوعى
مصطلح موضوعي قصص المغامرات
942 ## - عناصر المدخل الإضافي( كوها)
مصدر التصنيف او مخطط الترفيف Dewey Decimal Classification
Koha [default] item type كتاب
260 ## - PUBLICATION, DISTRIBUTION, ETC. (IMPRINT)
-- القاهرة :
-- دار البحار
Holdings
حالة التراجع حالة الفقد حالة تلف ليس للاعارة المكان المؤقت الموقع الحالى تاريخ الاكتساب اجمالي اﻻعارات رقم الطلب الباركود تاريخ اخر مشاهدة تاريخ تفعيل السعر نوع وعاء كوها
        مكتبة القاهرة الكبرى مكتبة القاهرة الكبرى 03/26/2014   ط\813.078\م ل 108778 03/26/2014 03/26/2014 كتاب
        مكتبة القاهرة الكبرى مكتبة القاهرة الكبرى 03/26/2014   ط\813.078\م ل 108779 03/26/2014 03/26/2014 كتاب
        مكتبة القاهرة الكبرى مكتبة القاهرة الكبرى 03/26/2014   ط\813.078\م ل 108780 03/26/2014 03/26/2014 كتاب

Powered By

EGPV